Racionalizácia štýlu, metód a organizácie práce riadiacich pracovníkov knižníc a VTEI Na základe Programu komplexnej socialistickej racionalizácie jednotnej sústavy knižníc. Rezortná výskumná úloha MK SSR

Saved in:
Bibliographic Details
Main Author: Procházka, Boris
Format: Book
Language:Slovak
Published: Bratislava Slov. ped. nakl. 1979
Edition:1. vyd.
Tags: Add Tag
No Tags, Be the first to tag this record!

MARC

LEADER 00000nam a2200000 4500
001 c035024
005 20250716114401.5
041 0 |a slo 
044 |a SK 
245 1 0 |a Racionalizácia štýlu, metód a organizácie práce riadiacich pracovníkov knižníc a VTEI  |b Na základe Programu komplexnej socialistickej racionalizácie jednotnej sústavy knižníc. Rezortná výskumná úloha MK SSR  |c Boris Procházka 
250 |a 1. vyd. 
264 1 |a Bratislava  |b Slov. ped. nakl.  |c 1979 
300 |a 96 s. 
100 1 |a Procházka, Boris